Biggest Cities in Puerto Rico on a Map - Statistics

General Stats
  • This quiz has been taken 114 times
  • The average score is 8 of 15
Answers on the Map
Answers color-coded by a green-red scale on the quiz's map according to % correct below.
 
Answer Stats
Population City % Correct
342,259 San Juan
98%
137,491 Ponce
74%
185,187 Bayamón
67%
127,244 Caguas
59%
73,077 Mayagüez
57%
154,815 Carolina
54%
55,101 Aguadilla
50%
87,754 Arecibo
50%
89,780 Guaynabo
50%
54,414 Vega Baja
48%
66,852 Toa Alta
44%
75,293 Toa Baja
44%
47,158 Cabo Rojo
43%
67,740 Trujillo Alto
41%
50,896 Humacao
37%
No matching quizzes found
Score Distribution
Percent of People with Each Score
Percentile by Number Answered
Your Score History
You have not taken this quiz